000 00688nam a22002177a 4500
005 20150618105440.0
008 140714b xxu||||| |||| 00| 0 Urdu d
010 _aUR-9084
020 _c200..00
035 _aU-7638
037 _bDBAD
040 _aDPL
_bUrdu
082 _a841
100 _aمحمد شر ف ا لد ين سا حل
245 _aآ ينہء تمثا ل
_cمحمد شر ف ا لد ين سا حل
246 h _aAaina-e-Timsaal
_bMoh.Sharfuddin Sahil
260 _bAleem Printers
_c2014
_aNagpur
270 _aHaideri Road,Mominpura
_bNagpur(Maharastra)
_k07276006332
_e440018
300 _a224ص
_c22Cm (Hb)
942 _2ddc
_cUR
_e
_h841
_mم ح م
999 _c94366
_d94366